000 00799nam a2200253 i 4500
003 DO-SdBNP
005 20241118104047.0
007 ta
008 210921b1958 sp r a 00| 0 enspa d
040 _aDO-SdBNP
_bspa
_cBNPHU
_erda
082 4 _axxx
_bxxx
_222
100 _aAlcina Franch, José,
_eautor
_4aut.
_967868
245 1 0 _aAmérica en la época de Carlos V/
_cJosé Alcina Franch, Josefina Palop Martínez
264 _aMadrid :
_bEditora Instituto de Cultura Hispanica,
_c1958.
300 _a236 páginas ;
_c22 cm.
336 _atexto
_btxt
_2rdacontent
337 _asin mediación
_bn
_2rdamedia
338 _avolumen
_bnc
_2rdacarrier
590 _aInventariado, 2024/BT
650 4 _aCuentos dominicanos
650 4 _aLiteratura dominicana
910 _aBtavárez
942 _2ddc
_cLBS1
999 _c50614
_d50614